| 000 | 00912nam a2200277Ia 4500 | ||
|---|---|---|---|
| 001 | Z_3423 | ||
| 003 | CHAP | ||
| 008 | 220113s2000 xx 000 0 und d | ||
| 010 | _a166544 | ||
| 040 | _cCHAP | ||
| 090 | _aTesis L 1477 | ||
| 100 |
_aLópez López, Carlos Alejandro _968027 |
||
| 245 |
_aEfecto de la presencia de hembras, mes de colección y orden de eyaculado sobre la líbido y calidad del semen en conejos / _cpor Carlos Alejandro López López y Rogelio Hernández Retana |
||
| 260 |
_aChapingo, Méx. : _bEl autor, _c2000 |
||
| 300 | _a67 h. ; gráfs. | ||
| 502 | _aTesis (Ing. Agr. Esp. en Zootecnia) -- UACH. Departamento de Zootecnia | ||
| 650 |
_aConejos _xExperimentación _926365 |
||
| 650 |
_aSemen _xConejos _9103856 |
||
| 700 |
_aHernández Retana, Rogelio _954521 |
||
| 901 | _aTESIS L 1477 | ||
| 902 | _aM | ||
| 910 | _a2000 | ||
| 942 | _c2 | ||
| 942 | _c2 | ||
| 999 |
_c166544 _d166544 |
||